| 000 | 00828 a2200241 4500 | ||
|---|---|---|---|
| 999 |
_c3977 _d3977 |
||
| 020 | _a070212172X | ||
| 020 | _a0702121738 (pbk.) | ||
| 050 | 0 | 0 | _aKTL858 FAR 1988 |
| 100 | 1 |
_aFarlam, I. G. _eauthor |
|
| 245 | 1 | 0 |
_aContract : _bcases, materials and commentary / _cFarlam and Hathaway. |
| 250 |
_a3rd ed. / _bby G.F. Lubbe, C.M. Murray. |
||
| 264 |
_aCape Town _bJuta _c1988 |
||
| 300 | _axxxvii, 788 p. ; | ||
| 500 | _aRev. ed. of: A case book on the South African law of contract. 2nd ed. 1979, c1968. | ||
| 500 | _aIncludes index. | ||
| 650 | 0 | _aContracts | |
| 700 | 1 | _aHathaway, E. W. | |
| 700 | 1 | _aLubbe, G. F. | |
| 700 | 1 |
_aMurray, Christina, _d1956- |
|
| 700 | 1 |
_aFarlam, I. G. _q(Ian Gordon). _tCase book on the South African law of contract. |
|
| 942 |
_2lcc _cBK _e3rd ed. _h858 _iFAR _kKTL |
||